Administración de la producción y operaciones para una ventaja competitiva

Bewaard in:
Bibliografische gegevens
Hoofdauteurs: Chase, Richard B (Auteur), Jacobs, F. Robert (Auteur), Aquilano, Nicholas J (Auteur)
Formaat: Boek
Taal:Spaans
Gepubliceerd in: Ciudad de México McGraw Hill 2005
Editie:3a. ed
Onderwerpen:
Tags: Voeg label toe
Geen labels, Wees de eerste die dit record labelt!

MARC

LEADER 00000nam a2200000 a 4500
001 UCH0586
003 CL-VaPUC
008 090320e20050000MX |||||||||||||||||spa|d
020 |a 9789701044681 
082 0 4 |a 658.5  |b CHA  |2 21 
100 0 |a Chase, Richard B  |e author  |9 534813 
700 |a Jacobs, F. Robert  |e author  |9 603480 
700 0 |a Aquilano, Nicholas J  |e author  |9 534815 
245 1 0 |a Administración de la producción y operaciones para una ventaja competitiva 
250 |a 3a. ed 
300 |a 848 p 
942 |c BK 
945 |d 20090320 00:00:00  |a rbrito 
260 |a Ciudad de México  |b McGraw Hill  |c 2005 
650 0 |a Gestión de la producción   |9 259467 
650 0 |a Producción  |x Planificación  |9 260672 
650 0 |a Producción   |9 263680 
650 0 |a Investigación operativa  |9 259383 
650 0 |a Calidad total  |9 259929 
650 0 |a Manufacturas  |9 271925 
650 7 |a MEDICION DEL TRABAJO  |2 CL-VaPUC  |9 260996 
650 0 |a Programación lineal   |9 23 
650 0 |a Inventarios   |9 263681 
583 |a last modification  |c 20180306 02:15:52  |k Rodrigo Vera 
999 |c 332869  |d 332867 
952 |0 0  |1 0  |4 0  |6 658_500000000000000_CHA_2005  |7 0  |8 CCM  |9 420912  |a BIBCUR  |b BIBCUR  |d 2019-11-22  |i 4521293  |o 658.5 CHA 2005  |p 4521293  |r 2025-04-22  |w 2019-11-22  |y BK_R  |k CIM